000 00669nam a2200193Ia 4500
003 GCL
005 20240530102107.0
008 140319s9999 xx 000 0 ara d
040 _aGCL /
_cGCL
082 0 4 _a185
_bا ك
100 1 _aالزرنوجى , برهان الاسلام
245 1 0 _aكتاب تعليم المتعلم طريق التعلم /
_cالزرنوجى , برهان الاسلام
260 _aالقاهرة :
_bمكتبة النهضة المصرية ،
_c1986
300 _a199 ص ؛
_b24 سم
650 0 4 _aالفلسفة الاسلامية
650 0 4 _aالفلسفة
700 1 _aمحمد عبدالقادر احمد
942 _2ddc
_cBK
999 _c29770
_d29770